Statistics for Travel around European cities by picture

Click here to take the quiz!

General Stats

  • This quiz has been taken 30 times
  • The average score is 6 of 41

Answer Stats

Answer% Correct
Moscow
100%
Vatican
60%
Monaco
44%
Bucharest
36%
Copenhagen
32%
San Marino
32%
Lisbon
24%
Riga
24%
Bergen
20%
Luxembourg
20%
Lyon
20%
Munich
20%
Gothenburg
16%
Helsinki
16%
Minsk
16%
Vilnius
16%
Tartu
12%
Andorra la Vella
8%
Budva
8%
Chișinău
8%
Odessa
8%
Rotterdam
8%
Skopje
8%
Varna
8%
Antwerp
4%
Krakow
4%
Salzburg
4%
Sarajevo
4%
Sevilla
4%
Split
4%
Thessaloniki
4%
Basel
0%
Belgrade
0%
Brno
0%
Košice
0%
Ljubljana
0%
Napoli
0%
Pécs
0%
Pristina
0%
Sarande
0%
Vaduz
0%

Score Distribution

Percentile by Number Answered

Percent of People with Each Score

Your Score History

You have not taken this quiz